Welcome to the Holygrace Academy Library

Please use search bar below to get started

THE WONDERFUL WORLD OF KNOWLEDGE (Record no. 6227)

MARC details
000 -LEADER
fixed length control field 00219nam a22001097a 4500
082 ## - DEWEY DECIMAL CLASSIFICATION NUMBER
Classification number 001
Item number DIS/W
245 ## - TITLE STATEMENT
Title THE WONDERFUL WORLD OF KNOWLEDGE
260 ## - PUBLICATION, DISTRIBUTION, ETC. (IMPRINT)
Place of publication USA
Name of publisher DISNEY
300 ## - PHYSICAL DESCRIPTION
Number of Pages 57
650 ## - SUBJECT ADDED ENTRY--TOPICAL TERM
Topical Term GK
Geographic subdivision USA
942 ## - ADDED ENTRY ELEMENTS (KOHA)
Koha item type Books
Holdings
Withdrawn status Lost status Collection code Home library Current library Shelving location Date acquired Source of acquisition Full call number Accession Number Koha item type
    G.K Main Library Main Library SHELF-17E-SCIENCE RELATED BOOKS 31/01/2019 PURCHASE 001 DIS/W 10923 Books